| 000 | 00862nac a22002411u 4500 | ||
|---|---|---|---|
| 008 | 081116t2008 xxu||||| |||| 00| 0 eng d | ||
| 020 | _a9780132458931 (pbk.) | ||
| 020 | _a0132458934 (pbk.) | ||
| 020 | _a0136098800 (CD- Rom) | ||
| 020 | _a9780136098805 (CD- Rom) | ||
| 082 |
_222 _a657.45 _bARE |
||
| 100 |
_aArens, Alvin A. _91181 |
||
| 245 |
_aAuditing And Assurance Services : _bAn Integrated Approach / _cAlvin A. Arens, Randal J. Elder, Mark S. Beasley |
||
| 250 | _a13th ed. | ||
| 260 |
_aUpper Saddle River, N.J. : _bPearson Education International/ Prentice Hall, _cc2010. |
||
| 260 | _bDistributer :Bacca | ||
| 300 |
_axix, 854 p. : _bill. ; _c28 cm. + _e1 CD-ROM (4 3/4 in.) |
||
| 500 | _aIncludes index. | ||
| 650 |
_aAuditing. _91182 |
||
| 700 | 0 | 1 |
_aElder, Randal J. _91184 |
| 700 | 0 | 1 |
_aBeasley, Mark S. _91183 |
| 942 |
_cBB _k657.45 ARE _2ddc |
||
| 999 |
_c14764 _d14764 |
||